000 01082nam a2200217 i 4500
001 159971
003 ES-MaACL
005 20250618063030.0
008 970402s1865 sp a |||| | spa d
080 _a929 Rey y Heredia, José María
100 1 _aMonlau, Pedro Felipe,
_d1808-1871
_982226
245 1 0 _aReseña biográfica de Don José María Rey y Heredia :
_bprólogo de la obra intitulada Teoría trascendental de las cantidades imaginarias /
_cescrito por su amigo y compañero Don Pedro Felipe Monlau...
260 _aMadrid :
_b[s.n.],
_c1865 (
_fImp. y Estereotipia de M. Rivadeneyra)
300 _a14 p., [1] h. de lám. ;
_c27 cm.
599 _aLám.: retrato de Jose María Rey: "C. Alabern grb. 1864"
700 1 _aRey y Heredia, José María.
_9131747
740 0 2 _aTeoría trascendental de las cantidades imaginarias.
852 4 _aES-MaACL
_jT-75-F-13
_z- Enc. hol., falto de cub. original
_z- Enc. en un vol. facticio
856 4 _uhttp://bdh-rd.bne.es/viewer.vm?id=0000092318&page=1
_zBiblioteca Digital Hispánica
999 _c159971
_d159971